Morales du grand siècle (Record no. 39599)

MARC details
000 -LEADER
fixed length control field 00510 a2200229 4500
037 ## - SOURCE OF ACQUISITION
Source of stock number/acquisition 1, BU
037 ## - SOURCE OF ACQUISITION
Stock number 29970
100 ## - VEDETTE PRINCIPALE - NOM DE PERSONNE
Personal name Benichou, Paul
100 ## - VEDETTE PRINCIPALE - NOM DE PERSONNE
Language of a work Fr
260 ## - PUBLICATION, DISTRIBUTION, ETC. (IMPRINT)
Place of publication, distribution, etc Paris
260 ## - PUBLICATION, DISTRIBUTION, ETC. (IMPRINT)
Name of publisher, distributor, etc Gallimard
245 ## - TITLE STATEMENT
Title Morales du grand siècle
260 ## - PUBLICATION, DISTRIBUTION, ETC. (IMPRINT)
Date of publication, distribution, etc 1963
300 ## - PHYSICAL DESCRIPTION
Extent 227p.
300 ## - PHYSICAL DESCRIPTION
Other physical details 23cm.
440 ## - SERIES STATEMENT/ADDED ENTRY--TITLE
Title Bibliotrhèque des idées
630 ## - SUBJECT ADDED ENTRY--UNIFORM TITLE
Uniform title 17 - Morale. Ethique. Philosophie pratique
650 ## - SUBJECT ADDED ENTRY--TOPICAL TERM
Topical term or geographic name as entry element 1 - PHILOSOPHIE ET PSYCHOLOGIE
650 ## - SUBJECT ADDED ENTRY--TOPICAL TERM
Topical term or geographic name as entry element morale
Holdings
Withdrawn status Lost status Damaged status Not for loan Location (home branch) Sublocation or collection (holding branch) Date acquired Koha issues (times borrowed) Koha full call number Koha date last seen Price effective from Koha item type
        Bibliothèque Universitaire Centrale Bibliothèque Universitaire Centrale 28/02/2009   179.6"18" 28/02/2009 28/02/2009 Livre


© 2008, Bibliothèques de l'Université d'Abomey-Calavi

04 BP 789 Cotonou, Tél. : +229 21 36 01 01, Fax : +229 21 35 06 32

Courriel : bu@bu.uac.bj